000 00319nam a22001457a 4500
003 SGT
020 _a 9780486436296
082 _a301
100 _aTAWNEY, R.H
245 _aTHE ACQUISITIVE SOCIETY
260 _aNEW DELHI
_bFONTANA LIBRARY
_c1961
300 _a191
650 _aMASS COMMUNICATION
942 _2ddc
_cBK
999 _c12792
_d12792